Reshimotaṿ shel Malṭeh Laʼorids Brigeh (Record no. 32727)
[ view plain ]
| 000 -LEADER | |
|---|---|
| fixed length control field | 00827cam a22002531 4500 |
| 001 - CONTROL NUMBER | |
| control field | he 67002120 |
| 003 - CONTROL NUMBER IDENTIFIER | |
| control field | DLC |
| 005 - DATE AND TIME OF LATEST TRANSACTION | |
| control field | 20260227111451.0 |
| 008 - FIXED-LENGTH DATA ELEMENTS--GENERAL INFORMATION | |
| fixed length control field | 890925s1964 is 000 0 hebr |
| 010 ## - LIBRARY OF CONGRESS CONTROL NUMBER | |
| LC control number | he 67002120 |
| 035 ## - SYSTEM CONTROL NUMBER | |
| System control number | (OCoLC)20388377 |
| 040 ## - CATALOGING SOURCE | |
| Original cataloging agency | DLC |
| Transcribing agency | CU |
| Modifying agency | CU |
| -- | DLC |
| 041 1# - LANGUAGE CODE | |
| Language code of text/sound track or separate title | heb |
| Language code of original | ger |
| 042 ## - AUTHENTICATION CODE | |
| Authentication code | premarc |
| 050 00 - LIBRARY OF CONGRESS CALL NUMBER | |
| Classification number | PT2635.I65 |
| Item number | A86 |
| 100 1# - MAIN ENTRY--PERSONAL NAME | |
| Personal name | Rilke, Rainer Maria, |
| Dates associated with a name | 1875-1926. |
| 240 10 - UNIFORM TITLE | |
| Uniform title | Aufzeichnungen des Malte Laurids Brigge. |
| Language of a work | Hebrew |
| 245 10 - TITLE STATEMENT | |
| Title | Reshimotaṿ shel Malṭeh Laʼorids Brigeh |
| Statement of responsibility, etc. | [me-et] Rainer Maryah Rilḳeh. mi-Germanit: Yiśraʼel Zemorah. |
| 260 ## - PUBLICATION, DISTRIBUTION, ETC. | |
| Place of publication, distribution, etc. | [Tel-Aviv] |
| Name of publisher, distributor, etc. | Maḥbarot le-Sifrut |
| Date of publication, distribution, etc. | [1964] |
| 300 ## - PHYSICAL DESCRIPTION | |
| Extent | 170 p. |
| Dimensions | 21 cm. |
| 500 ## - GENERAL NOTE | |
| General note | Translation of Die Aufzeichnungen des Malte Laurids Brigge. |
| 500 ## - GENERAL NOTE | |
| General note | Vocalized. |
| 700 1# - ADDED ENTRY--PERSONAL NAME | |
| Personal name | Zmora, Israel, |
| Dates associated with a name | 1899-1983. |
No items available.